Normal view
MARC view
- Gollier, Christian
Entry Personal Name
001 - CONTROL NUMBER
- control field: 6352
003 - CONTROL NUMBER IDENTIFIER
- control field: OSt
005 - DATE AND TIME OF LATEST TRANSACTION
- control field: 20170519102812.0
008 - FIXED-LENGTH DATA ELEMENTS
- fixed length control field: 170519|| aca||aabn | a|a d
040 ## - CATALOGING SOURCE
- Original cataloging agency: OSt
- Transcribing agency: OSt
100 ## - HEADING--PERSONAL NAME
- Personal name: Gollier, Christian
670 ## - SOURCE DATA FOUND
- Source citation: Work cat.: (OSt)0: Eeckhoudt, Louis 6350, Risk :, 1995

PORTAL AKMAL
E-MEL JKDM
AKMAL2U
G-BAM
u-PUSTAKA